000 01609cam a2200277zu 4500
001 88921383
003 FRCYB88921383
005 20251020123413.0
006 m o d
007 cr un
008 251020s2017 fr | o|||||0|0|||fre d
020 _a9782200613570
035 _aFRCYB88921383
040 _aFR-PaCSA
_bfr
_c
_erda
100 1 _aReghezza-Zitt, Magali
245 0 1 _aLa France dans ses territoires
_c['Reghezza-Zitt, Magali']
264 1 _bArmand Colin
_c2017
300 _a p.
336 _btxt
_2rdacontent
337 _bc
_2rdamdedia
338 _bc
_2rdacarrier
650 0 _a
700 0 _aReghezza-Zitt, Magali
856 4 0 _2Cyberlibris
_uhttps://international.scholarvox.com/netsen/book/88921383
_qtext/html
_a
520 _aL'espace français a connu ces dernières années de profondes mutations liées à des dynamiques internes structurelles mais aussi à des évolutions rapides du contexte géopolitique et économique international. Pour saisir l'ensemble de ces évolutions, cet ouvrage propose une nouvelle géographie de la France, en l'abordant par l'entrée des « territoires », qui permettent ainsi de combiner les approches politique, culturelle, économique et sociale. Cette nouvelle édition vient également faire le point sur les problématiques les plus récentes : réforme territoriale, mutation des systèmes productifs, changement climatique et transition écologique, marges et périphéries.Une synthèse incontournable assortie de nombreux outils et figures originales, avec des études de cas en fin de chaque chapitre.
999 _c1554088
_d1554088